Catalog

Record Details

Catalog Search



Oolaf and the golden book / written and ... Read More

Elkerton, Andy,(author,, illustrator.).

Available copies

  • 1 of 1 copy available at LARL/NWRL Consortium. (Show)
  • 1 of 1 copy available at Northwest Regional Library.

Current holds

0 current holds with 1 total copy.

Show Only Available Copies
Location Call Number / Copy Notes Barcode Shelving Location Status Due Date
Karlstad LINK Site e ELK (Text) 35500006772618 Main Available -

Record details

  • ISBN: 9781445158433
  • ISBN: 1445158434
  • ISBN: 9781445158426
  • ISBN: 1445158426
  • Physical Description: 32 pages : color illustrations ; 22 cm
  • Publisher: London : Franklin Watts, 2017.

Content descriptions

Summary, etc.:
Oolaf journeys into a world of myth and legend ... Read More
Target Audience Note:
Ages 5-8.
Reading level guideance book band: 11 lime.
Subject: Vikings > Juvenile fiction.
Books and reading > Juvenile fiction.
Magic > Juvenile fiction.
Mythology, Norse > Juvenile fiction.
Animals, Mythical > Juvenile fiction.
Animals, Mythical.
Books and reading.
Magic.
Mythology, Norse.
Vikings.
Genre: Children's stories.
Action and adventure fiction.
Fantasy fiction.
Fiction.
Juvenile works.
Action and adventure fiction.
Fantasy fiction.
LDR 02933cam a2200697Mi 4500
001435360
003LARL_NWRL_CONSORTIUM
00520240404204316.0
008180115t20172017enka b 000 1 engs
040 . ‡aAU@ ‡beng ‡erda ‡cAU@ ‡dOCLCO ‡dOCLCF ‡dNZHWP ‡dOCLCQ ‡dOCLCO ‡dUKMGB ‡dOCLCQ ‡dNZIPP ‡dOCLCO ‡dOCL ‡dOCLCO ‡dOCLCQ ‡dUNITY ‡dOCLCO ‡dOCLCL
015 . ‡aGBB7F8640 ‡2bnb
0167 . ‡a018494981 ‡2Uk
020 . ‡a9781445158433 ‡q(hbk.)
020 . ‡a1445158434 ‡q(hbk.)
020 . ‡a9781445158426 ‡q(pbk.)
020 . ‡a1445158426 ‡q(pbk.)
035 . ‡a(OCoLC)1020253082
08204. ‡a823.92 ‡223
1001 . ‡aElkerton, Andy, ‡eauthor, ‡eillustrator.
24510. ‡aOolaf and the golden book / ‡cwritten and illustrated by Andy Elkerton.
264 1. ‡aLondon : ‡bFranklin Watts, ‡c2017.
264 4. ‡c©2017
300 . ‡a32 pages : ‡bcolor illustrations ; ‡c22 cm
336 . ‡atext ‡btxt ‡2rdacontent
336 . ‡astill image ‡bsti ‡2rdacontent
337 . ‡aunmediated ‡bn ‡2rdamedia
338 . ‡avolume ‡bnc ‡2rdacarrier
4900 . ‡aViking adventures
520 . ‡aOolaf journeys into a world of myth and legend when he discovers a very special book, owned by none other than the master of storytelling, Odin!
521 . ‡aAges 5-8.
521 . ‡aReading level guideance book band: 11 lime.
650 0. ‡aVikings ‡vJuvenile fiction.
650 0. ‡aBooks and reading ‡vJuvenile fiction. ‡0(LARL_NWRL_CONSORTIUM)170937
650 0. ‡aMagic ‡vJuvenile fiction. ‡0(LARL_NWRL_CONSORTIUM)165990
650 0. ‡aMythology, Norse ‡vJuvenile fiction.
650 0. ‡aAnimals, Mythical ‡vJuvenile fiction. ‡0(LARL_NWRL_CONSORTIUM)170656
650 7. ‡aAnimals, Mythical. ‡2fast ‡0(LARL_NWRL_CONSORTIUM)13559
650 7. ‡aBooks and reading. ‡2fast ‡0(LARL_NWRL_CONSORTIUM)15264
650 7. ‡aMagic. ‡2fast ‡0(LARL_NWRL_CONSORTIUM)24943
650 7. ‡aMythology, Norse. ‡2fast ‡0(LARL_NWRL_CONSORTIUM)26465
650 7. ‡aVikings. ‡2fast ‡0(LARL_NWRL_CONSORTIUM)33954
655 0. ‡aChildren's stories.
655 7. ‡aAction and adventure fiction. ‡2fast
655 7. ‡aFantasy fiction. ‡2fast
655 7. ‡aFiction. ‡2fast
655 7. ‡aJuvenile works. ‡2fast
655 7. ‡aAction and adventure fiction. ‡2lcgft
655 7. ‡aFantasy fiction. ‡2lcgft
901 . ‡a435360 ‡bAUTOGEN ‡c435360 ‡tbiblio

Additional Resources